[Event "35t. Copenhagen Open (Politiken Cup)"]
[Site "Elsinore"]
[Date "2013.07.31"]
[Round "6"]
[White "Thybo, Thomas Sondergaard"]
[Black "Olsen, Filip Boe"]
[Result "0-1"]
[WhiteElo "1512"]
[BlackElo "1753"]
[PlyCount "76"]
[EventDate "2013.07.27"]
[EventType "swiss"]
[EventRounds "10"]
[EventCountry "DEN"]
[Source "ChessBase"]
[SourceDate "2013.08.26"]

1. e4 c6 2. Nf3 d5 3. Nc3 Bg4 4. h3 Bxf3 5. Qxf3 e6 6. d4 Nf6 7. Be3 Bb4 8. Bd3
dxe4 9. Bxe4 Nxe4 10. Qxe4 Nd7 11. O-O Nf6 12. Qd3 O-O 13. Rad1 Nd5 14. Nxd5
cxd5 15. Qb5 Qe7 16. Bg5 Qxg5 17. Qxb4 Qf5 18. Rd3 Rac8 19. Qxb7 Rxc2 20. Rb3
a5 21. Qa7 Rfc8 22. Qxa5 h6 23. Qe1 R8c4 24. Qe3 Qf6 25. Qd3 g6 26. a4 Rc1 27.
Rb8+ Kg7 28. Rxc1 Rxc1+ 29. Kh2 Qxf2 30. b4 Qf4+ 31. Qg3 Rh1+ 32. Kxh1 Qxg3 33.
Rb7 Qa3 34. a5 Qa4 35. Rb6 Qd1+ 36. Kh2 Qxd4 37. b5 Qa4 38. a6 d4 0-1

[Event "35t. Copenhagen Open (Politiken Cup)"]
[Site "Elsinore"]
[Date "2013.07.31"]
[Round "6"]
[White "Tryggestad, Andreas Garberg"]
[Black "Oe, Oluf"]
[Result "1-0"]
[WhiteElo "1774"]
[BlackElo "1992"]
[PlyCount "75"]
[EventDate "2013.07.27"]
[EventType "swiss"]
[EventRounds "10"]
[EventCountry "DEN"]
[Source "ChessBase"]
[SourceDate "2013.08.26"]

1. e4 d6 2. d4 Nf6 3. Nc3 g6 4. f4 Bg7 5. Nf3 c6 6. e5 dxe5 7. fxe5 Nd5 8. Bc4
O-O 9. O-O a6 10. a4 Bg4 11. h3 Bf5 12. Bg5 h6 13. Bh4 Ne3 14. Qe2 Nxf1 15.
Rxf1 Qd7 16. Ne4 b6 17. a5 b5 18. Bb3 Qc7 19. Nc5 Ra7 20. Nh2 Qd8 21. c3 Nd7
22. Ne4 Re8 23. Nd6 Be6 24. Nxf7 Bxf7 25. Bxf7+ Kh7 26. Bxg6+ Kh8 27. Bxe8 Qxe8
28. Qf3 Nf8 29. Qf7 Qxf7 30. Rxf7 Ng6 31. Bf6 exf6 32. Rxa7 fxe5 33. dxe5 Nxe5
34. Rxa6 Nc4 35. Ra8+ Kh7 36. a6 Nxb2 37. a7 Bxc3 38. Rd8 1-0

[Event "35t. Copenhagen Open (Politiken Cup)"]
[Site "Elsinore"]
[Date "2013.07.31"]
[Round "6"]
[White "Undheim, Bjarne"]
[Black "Thuesen, Mogens Henrik"]
[Result "0-1"]
[WhiteElo "1838"]
[BlackElo "2267"]
[PlyCount "80"]
[EventDate "2013.07.27"]
[EventType "swiss"]
[EventRounds "10"]
[EventCountry "DEN"]
[Source "ChessBase"]
[SourceDate "2013.08.26"]

1. e4 c5 2. Nf3 e6 3. b3 Nf6 4. Nc3 Nc6 5. Bb5 Nd4 6. Bd3 d5 7. exd5 Nxd5 8.
Nxd4 cxd4 9. Nxd5 Qxd5 10. O-O Bd6 11. Bb2 O-O 12. f4 e5 13. Qh5 g6 14. Qg5 Be6
15. Bc4 Qc5 16. Bxe6 fxe6 17. Qg4 Rf5 18. fxe5 Bxe5 19. Kh1 Qxc2 20. Ba3 Rc8
21. Rxf5 Qxf5 22. Qxf5 exf5 23. Rc1 Rxc1+ 24. Bxc1 d3 25. g3 g5 26. Kg2 g4 27.
Ba3 Bc3 28. Bc1 Bd4 29. Ba3 Bc3 30. Bc1 Ba5 31. Kf2 Bb6+ 32. Kg2 Kf7 33. Ba3
Ba5 34. Bc1 Ke6 35. h3 h5 36. hxg4 hxg4 37. Kf2 Bb6+ 38. Ke1 Kd5 39. Ba3 Ke4
40. Bd6 Kf3 0-1

[Event "35t. Copenhagen Open (Politiken Cup)"]
[Site "Elsinore"]
[Date "2013.07.31"]
[Round "6"]
[White "Vistisen, Lars"]
[Black "Arvola, Benjamin"]
[Result "1-0"]
[WhiteElo "2177"]
[BlackElo "2347"]
[PlyCount "103"]
[EventDate "2013.07.27"]
[EventType "swiss"]
[EventRounds "10"]
[EventCountry "DEN"]
[Source "ChessBase"]
[SourceDate "2013.08.26"]

1. e4 c5 2. c3 d6 3. d4 Nf6 4. Bd3 Nc6 5. Ne2 e6 6. Nd2 Be7 7. O-O O-O 8. a4
cxd4 9. cxd4 e5 10. d5 Nb4 11. Bb1 Nd7 12. Nc4 b6 13. Bd2 a5 14. Nc3 Ba6 15.
Nb5 Nc5 16. Ra3 Rc8 17. Rh3 g6 18. Bxb4 axb4 19. Qd2 Nd7 20. Qxb4 Rc5 21. Nba3
Qb8 22. b3 Bg5 23. Bd3 Rfc8 24. Nxe5 Bxd3 25. Nxd3 Rc3 26. Nc4 Rc2 27. Qxd6
Qxd6 28. Nxd6 R8c3 29. Nb5 Rc8 30. Nb4 Re2 31. Nc6 Nc5 32. f4 Bd8 33. Nd6 Ra8
34. e5 Rd2 35. Nb4 Rd4 36. Nc4 Nxb3 37. Rxb3 Rxc4 38. Nc6 Bc7 39. Ne7+ Kf8 40.
d6 Raxa4 41. Nd5 Bd8 42. Rxb6 Ra5 43. Rb8 Rxd5 44. Rxd8+ Kg7 45. g3 g5 46. Rd7
Kg6 47. f5+ Kh5 48. Rxf7 Rxe5 49. Rxh7+ Kg4 50. Rf2 Rc1+ 51. Kg2 Rh1 52. h3+
1-0

[Event "35t. Copenhagen Open (Politiken Cup)"]
[Site "Elsinore"]
[Date "2013.07.31"]
[Round "6"]
[White "Wadtland, Flemming"]
[Black "Torkilseng, Runar"]
[Result "1/2-1/2"]
[WhiteElo "1585"]
[BlackElo "1827"]
[PlyCount "107"]
[EventDate "2013.07.27"]
[EventType "swiss"]
[EventRounds "10"]
[EventCountry "DEN"]
[Source "ChessBase"]
[SourceDate "2013.08.26"]

1. d4 d5 2. c4 c6 3. Nf3 Nf6 4. e3 e6 5. Bd3 Nbd7 6. Nc3 Be7 7. a4 O-O 8. e4
dxe4 9. Nxe4 Nxe4 10. Bxe4 Nf6 11. Bc2 c5 12. Qd3 g6 13. O-O cxd4 14. Qxd4 Qxd4
15. Nxd4 Bd7 16. Re1 Rac8 17. b3 Rfd8 18. Bg5 Kg7 19. h3 Bb4 20. Re2 h6 21. Bf4
a6 22. Be5 Be7 23. Re3 Kg8 24. Rf3 Nh7 25. Rd1 f6 26. Bh2 e5 27. Ne2 Bc6 28.
Rfd3 Kg7 29. Rxd8 Rxd8 30. Rxd8 Bxd8 31. b4 b6 32. Nc3 g5 33. b5 axb5 34. axb5
Bd7 35. Nd5 Nf8 36. g4 Ne6 37. Bf5 Kf7 38. Kf1 Nc5 39. Ke2 Bxf5 40. gxf5 Ne4
41. f3 Nd6 42. Kd3 Nxf5 43. Bg1 Nd4 44. Bxd4 exd4 45. Kxd4 Ke6 46. c5 bxc5+ 47.
Kxc5 f5 48. b6 Bxb6+ 49. Nxb6 Ke5 50. Nc4+ Kf4 51. Nd6 h5 52. Kd5 g4 53. fxg4
fxg4 54. hxg4 1/2-1/2

[Event "35t. Copenhagen Open (Politiken Cup)"]
[Site "Elsinore"]
[Date "2013.07.31"]
[Round "6"]
[White "Wimo, Jorgen"]
[Black "Ranby, Hans"]
[Result "0-1"]
[WhiteElo "1714"]
[BlackElo "1958"]
[PlyCount "62"]
[EventDate "2013.07.27"]
[EventType "swiss"]
[EventRounds "10"]
[EventCountry "DEN"]
[Source "ChessBase"]
[SourceDate "2013.08.26"]

1. e4 g6 2. Nf3 Bg7 3. d3 d6 4. Be2 c5 5. O-O Nc6 6. Nc3 Nf6 7. h3 O-O 8. Bd2
a6 9. Nh4 e6 10. Nf3 b5 11. Rb1 Bb7 12. Qc1 d5 13. e5 Nd7 14. Bg5 Qc7 15. Bh6
Ndxe5 16. Bxg7 Nxf3+ 17. Bxf3 Kxg7 18. Qd2 Nd4 19. Bd1 b4 20. Ne2 Nxe2+ 21.
Bxe2 d4 22. h4 Qe7 23. h5 Qh4 24. f4 Rae8 25. Rbe1 e5 26. hxg6 hxg6 27. Bf3
Bxf3 28. Rxf3 exf4 29. Rxe8 Rxe8 30. Qxf4 Re1+ 31. Rf1 Qxf4 0-1

[Event "35t. Copenhagen Open (Politiken Cup)"]
[Site "Elsinore"]
[Date "2013.07.31"]
[Round "6"]
[White "Yilmaz, Kazim"]
[Black "Andersen, Dag"]
[Result "1/2-1/2"]
[WhiteElo "1651"]
[BlackElo "1860"]
[PlyCount "61"]
[EventDate "2013.07.27"]
[EventType "swiss"]
[EventRounds "10"]
[EventCountry "DEN"]
[Source "ChessBase"]
[SourceDate "2013.08.26"]

1. d4 Nf6 2. Nf3 e6 3. Bg5 Be7 4. e3 O-O 5. Nbd2 b6 6. Bd3 Bb7 7. O-O d6 8. e4
h6 9. Bxf6 Bxf6 10. e5 Be7 11. Qe2 Nd7 12. c3 a5 13. Rfe1 d5 14. Rac1 Qc8 15.
Bb1 Ba6 16. Qd1 Rd8 17. Qc2 Nf8 18. Nf1 c5 19. Ng3 Qd7 20. Qd1 Rdc8 21. a3 b5
22. dxc5 Bxc5 23. Nd4 b4 24. axb4 axb4 25. Qg4 Qe7 26. h4 Bxd4 27. cxd4 Kh8 28.
Nh5 g6 29. Nf6 Nh7 30. Nxh7 Kxh7 31. h5 1/2-1/2

[Event "35t. Copenhagen Open (Politiken Cup)"]
[Site "Elsinore"]
[Date "2013.08.01"]
[Round "7"]
[White "Aabling Thomsen, Jakob"]
[Black "Bulski, Krzysztof"]
[Result "1/2-1/2"]
[WhiteElo "2370"]
[BlackElo "2534"]
[PlyCount "38"]
[EventDate "2013.07.27"]
[EventType "swiss"]
[EventRounds "10"]
[EventCountry "DEN"]
[Source "ChessBase"]
[SourceDate "2013.08.26"]

1. c4 e6 2. Nf3 Nf6 3. g3 d5 4. Bg2 dxc4 5. Qa4+ c6 6. Qxc4 b5 7. Qc2 Bb7 8.
O-O Nbd7 9. Nc3 a6 10. d4 c5 11. Rd1 Rc8 12. a3 b4 13. Na4 cxd4 14. Qd2 e5 15.
axb4 Qc7 16. Nc5 Nxc5 17. bxc5 Bxf3 18. Bxf3 Bxc5 19. Rxa6 e4 1/2-1/2

[Event "35t. Copenhagen Open (Politiken Cup)"]
[Site "Elsinore"]
[Date "2013.08.01"]
[Round "7"]
[White "Andersen, Dag"]
[Black "Suntharalingam, Jarani"]
[Result "1-0"]
[WhiteElo "1860"]
[BlackElo "1644"]
[PlyCount "103"]
[EventDate "2013.07.27"]
[EventType "swiss"]
[EventRounds "10"]
[EventCountry "DEN"]
[Source "ChessBase"]
[SourceDate "2013.08.26"]

1. d4 d5 2. c4 e6 3. Nc3 Nf6 4. cxd5 Nxd5 5. e4 Nf6 6. Bg5 Be7 7. Nf3 a6 8. Rc1
Nc6 9. Bd3 O-O 10. Bb1 b6 11. O-O Bb7 12. a3 Nb8 13. Qc2 g6 14. Rfe1 Nh5 15.
Bxe7 Qxe7 16. Ne2 Rc8 17. Qd2 Nd7 18. Ng5 Ndf6 19. Nf4 Ng7 20. Nf3 Rd8 21. Qc3
Rac8 22. d5 exd5 23. Nxd5 Nxd5 24. exd5 Qf8 25. Ba2 Bxd5 26. Bxd5 Rxd5 27. Qc4
Rb5 28. b4 Ne6 29. Ne5 Qg7 30. Nc6 Kh8 31. a4 Rh5 32. Qxa6 Rf8 33. Qc4 Qh6 34.
h3 Rg5 35. Qc3+ Qg7 36. Qd2 Qh6 37. Kh1 Rh5 38. Qc3+ Qg7 39. Ne5 Rf5 40. Qe3
Ra8 41. Ra1 Rf4 42. Nd3 Rd4 43. a5 bxa5 44. bxa5 Rd5 45. a6 Qc3 46. Red1 Rad8
47. a7 Rxd3 48. Qxd3 Rxd3 49. a8=Q+ Kg7 50. Rxd3 Qxd3 51. Qa3 Qd2 52. Qa2 1-0

[Event "35t. Copenhagen Open (Politiken Cup)"]
[Site "Elsinore"]
[Date "2013.08.01"]
[Round "7"]
[White "Andersen, Morten"]
[Black "Molin, Claus"]
[Result "1-0"]
[WhiteElo "2166"]
[BlackElo "1982"]
[PlyCount "67"]
[EventDate "2013.07.27"]
[EventType "swiss"]
[EventRounds "10"]
[EventCountry "DEN"]
[Source "ChessBase"]
[SourceDate "2013.08.26"]

1. c4 Nf6 2. g3 g6 3. Bg2 Bg7 4. Nc3 O-O 5. e4 d6 6. Nge2 c5 7. O-O Nc6 8. d3
Bg4 9. f3 Bd7 10. Be3 Ne8 11. Qd2 Nc7 12. Bh6 Nd4 13. Bxg7 Nxe2+ 14. Nxe2 Kxg7
15. d4 cxd4 16. Qxd4+ Kg8 17. f4 Ne6 18. Qd2 Rc8 19. b3 a6 20. f5 Ng7 21. g4 b5
22. Rac1 bxc4 23. bxc4 Ne8 24. Kh1 Bc6 25. fxg6 hxg6 26. Qh6 Qa5 27. c5 Qb4 28.
a3 Qb2 29. Rc3 Ng7 30. Rh3 f6 31. Nf4 Qc2 32. Qh7+ Kf7 33. Qxg6+ Kg8 34. Rh7
1-0

[Event "35t. Copenhagen Open (Politiken Cup)"]
[Site "Elsinore"]
[Date "2013.08.01"]
[Round "7"]
[White "Arvola, Benjamin"]
[Black "Justinussen, Sigurd B"]
[Result "1-0"]
[WhiteElo "2347"]
[BlackElo "1970"]
[PlyCount "63"]
[EventDate "2013.07.27"]
[EventType "swiss"]
[EventRounds "10"]
[EventCountry "DEN"]
[Source "ChessBase"]
[SourceDate "2013.08.26"]

1. d4 d5 2. c4 e6 3. Nf3 Nf6 4. g3 c5 5. cxd5 exd5 6. Bg2 Nc6 7. O-O Be7 8.
dxc5 Bxc5 9. Bg5 Be7 10. Nc3 O-O 11. Bxf6 Bxf6 12. Nxd5 Bxb2 13. Rb1 Ba3 14.
Qb3 Qa5 15. Qd3 Ne7 16. Rb5 Qa4 17. Ng5 Ng6 18. Nc7 Rb8 19. Bd5 Be7 20. Bb3 Qg4
21. f4 Bd7 22. Re5 Bf6 23. h3 Qh5 24. Nxf7 Nxe5 25. Nxe5+ Kh8 26. Nxd7 Rbd8 27.
g4 Qh4 28. Kg2 h5 29. Nxf8 Rxf8 30. Ne6 Rc8 31. g5 Rc3 32. Nf8 1-0

[Event "35t. Copenhagen Open (Politiken Cup)"]
[Site "Elsinore"]
[Date "2013.08.01"]
[Round "7"]
[White "Bekker Jensen, David"]
[Black "Kunin, Vitaly"]
[Result "0-1"]
[WhiteElo "2310"]
[BlackElo "2502"]
[PlyCount "114"]
[EventDate "2013.07.27"]
[EventType "swiss"]
[EventRounds "10"]
[EventCountry "DEN"]
[Source "ChessBase"]
[SourceDate "2013.08.26"]

1. d4 e6 2. c4 Bb4+ 3. Bd2 a5 4. Nc3 b6 5. a3 Bxc3 6. Bxc3 d5 7. e4 Ba6 8. cxd5
Bxf1 9. Kxf1 exd5 10. e5 Ne7 11. h4 O-O 12. Nh3 c5 13. Qd3 h6 14. Nf4 Nbc6 15.
Rh3 Qc8 16. Rd1 Rd8 17. e6 fxe6 18. dxc5 e5 19. Nh5 bxc5 20. Rg3 Nf5 21. Rxg7+
Nxg7 22. Qg6 Qa6+ 23. Kg1 Ra7 24. Nf6+ Kf8 25. Nh7+ Ke7 26. Qxg7+ Kd6 27. Qf6+
Kc7 28. Bxe5+ Nxe5 29. Qxe5+ Qd6 30. Qf5 Ra6 31. g4 Qg6 32. Qf4+ Kb7 33. Qf5
Qxf5 34. gxf5 Rh8 35. Ng5 hxg5 36. hxg5 Rh4 37. f3 Rh5 38. f4 Rh4 39. Rf1 Rb6
40. f6 Kc7 41. f7 Rb8 42. Kg2 Rf8 43. Kg3 Rh7 44. g6 Rg7 45. f5 Rfxf7 46. Rf3
Kd6 47. b3 Ke5 48. Kg4 d4 49. Kg5 Rf6 50. Rg3 Rxf5+ 51. Kh6 Kf6 52. b4 axb4 53.
axb4 Rf1 54. Rh3 Rxg6+ 55. Kh7 cxb4 56. Kh8 Kf7 57. Kh7 Rff6 0-1

[Event "35t. Copenhagen Open (Politiken Cup)"]
[Site "Elsinore"]
[Date "2013.08.01"]
[Round "7"]
[White "Bekker Jensen, Simon"]
[Black "Hansen, Sune Berg"]
[Result "1/2-1/2"]
[WhiteElo "2414"]
[BlackElo "2549"]
[PlyCount "83"]
[EventDate "2013.07.27"]
[EventType "swiss"]
[EventRounds "10"]
[EventCountry "DEN"]
[Source "ChessBase"]
[SourceDate "2013.08.26"]

1. d4 Nf6 2. c4 e6 3. Nc3 Bb4 4. e3 O-O 5. Nge2 d5 6. a3 Bd6 7. Ng3 c6 8. Bd3
e5 9. cxd5 cxd5 10. Nb5 e4 11. Nxd6 Qxd6 12. Be2 Nc6 13. Bd2 Be6 14. O-O Rad8
15. b4 Qd7 16. b5 Ne7 17. Bb4 Rfe8 18. Bxe7 Rxe7 19. Qa4 b6 20. Rfc1 Rc8 21.
Qb4 Ree8 22. Bf1 Rxc1 23. Rxc1 Rc8 24. Rxc8+ Qxc8 25. Qe7 Qd7 26. Qxd7 Bxd7 27.
f3 exf3 28. gxf3 Ne8 29. a4 Kf8 30. Ne2 Ke7 31. Nc3 Nc7 32. Kf2 Be6 33. Bd3 h6
34. Na2 Kd6 35. Nb4 f6 36. Bc2 Bc8 37. Bd3 Be6 38. Kg3 g5 39. h4 Bc8 40. f4 Bd7
41. Na2 Ne8 42. Nc3 1/2-1/2

[Event "35t. Copenhagen Open (Politiken Cup)"]
[Site "Elsinore"]
[Date "2013.08.01"]
[Round "7"]
[White "Bjorn, Lasse E"]
[Black "Wadtland, Flemming"]
[Result "1-0"]
[WhiteElo "1810"]
[BlackElo "1585"]
[PlyCount "43"]
[EventDate "2013.07.27"]
[EventType "swiss"]
[EventRounds "10"]
[EventCountry "DEN"]
[Source "ChessBase"]
[SourceDate "2013.08.26"]

1. e4 e5 2. Nf3 d6 3. d4 exd4 4. Nxd4 Nf6 5. Nc3 Be7 6. Bc4 c6 7. Bb3 b5 8. Qe2
Ba6 9. Nd1 Nbd7 10. Nxc6 Qc7 11. Nxe7 Kxe7 12. O-O Qb7 13. Re1 Ne5 14. Bg5 Qc8
15. Ne3 Ke8 16. Nf5 Qd7 17. Nxg7+ Kf8 18. Bxf6 Rg8 19. Rad1 Ng4 20. e5 Rxg7 21.
Bxg7+ Kxg7 22. e6 1-0

[Event "35t. Copenhagen Open (Politiken Cup)"]
[Site "Elsinore"]
[Date "2013.08.01"]
[Round "7"]
[White "Borg, Flemming"]
[Black "Rasmussen, Arne"]
[Result "1-0"]
[WhiteElo "1855"]
[BlackElo "1503"]
[PlyCount "81"]
[EventDate "2013.07.27"]
[EventType "swiss"]
[EventRounds "10"]
[EventCountry "DEN"]
[Source "ChessBase"]
[SourceDate "2013.08.26"]

1. f4 d6 2. g3 Nc6 3. Bg2 Nf6 4. Nf3 e6 5. O-O Bd7 6. d3 Be7 7. e4 h6 8. b3 O-O
9. Bb2 Rb8 10. Nbd2 d5 11. exd5 Nxd5 12. Qe2 Bf6 13. Ne5 Nxe5 14. fxe5 Be7 15.
Ne4 Bc6 16. Rae1 a6 17. a3 Bg5 18. Bc1 Bxc1 19. Rxc1 Nb6 20. Rce1 Qd4+ 21. Kh1
Bxe4 22. Bxe4 Qd7 23. Rf4 c6 24. Qh5 Nd5 25. Rh4 f5 26. exf6 Nxf6 27. Qe2 Nxe4
28. Rxe4 Rf6 29. Rxe6 Qd5+ 30. Kg1 Rbf8 31. Rxf6 Rxf6 32. Qe8+ Kh7 33. Qe4+ Kh8
34. Qxd5 cxd5 35. Re5 Rd6 36. Kf2 Kg8 37. Ke3 d4+ 38. Kf4 Kf7 39. Rc5 Rc6 40.
Rxc6 bxc6 41. Ke5 1-0

[Event "35t. Copenhagen Open (Politiken Cup)"]
[Site "Elsinore"]
[Date "2013.08.01"]
[Round "7"]
[White "Boukhris, Yacine"]
[Black "Molvig, Julius"]
[Result "1-0"]
[WhiteElo "2058"]
[BlackElo "1889"]
[PlyCount "48"]
[EventDate "2013.07.27"]
[EventType "swiss"]
[EventRounds "10"]
[EventCountry "DEN"]
[Source "ChessBase"]
[SourceDate "2013.08.26"]

1. e4 c5 2. Nc3 e6 3. g3 Nc6 4. Bg2 Nf6 5. Nge2 a6 6. O-O Be7 7. d3 O-O 8. h3
d5 9. exd5 exd5 10. d4 Be6 11. Be3 Qd7 12. Kh2 Rad8 13. Re1 cxd4 14. Nxd4 Ne5
15. Nxe6 fxe6 16. Bb6 Ne4 17. Nxe4 dxe4 18. Bxd8 Rxd8 19. Qxd7 Rxd7 20. Rxe4
Bf6 21. Rae1 Ng6 22. Rxe6 Bxb2 23. Rb6 Bc3 24. Re2 h6 1-0

[Event "35t. Copenhagen Open (Politiken Cup)"]
[Site "Elsinore"]
[Date "2013.08.01"]
[Round "7"]
[White "Brorsen, Jacob Abildlund"]
[Black "Hobber, Anders"]
[Result "0-1"]
[WhiteElo "2142"]
[BlackElo "2278"]
[PlyCount "50"]
[EventDate "2013.07.27"]
[EventType "swiss"]
[EventRounds "10"]
[EventCountry "DEN"]
[Source "ChessBase"]
[SourceDate "2013.08.26"]

1. d4 d5 2. c4 c6 3. Nf3 Nf6 4. e3 a6 5. b3 Bf5 6. Nh4 Bxb1 7. Rxb1 Ne4 8. Qc2
e5 9. Nf3 Bb4+ 10. Bd2 Nxd2 11. Nxd2 exd4 12. exd4 O-O 13. Bd3 Qg5 14. Rg1 c5
15. a3 Re8+ 16. Kd1 Bxd2 17. Qxd2 Qh5+ 18. Kc2 Nc6 19. dxc5 dxc4 20. bxc4 Qxc5
21. Rxb7 Qxa3 22. Rgb1 Rad8 23. Qc3 Nd4+ 24. Kd2 Re2+ 25. Bxe2 Nxe2+ 0-1

[Event "35t. Copenhagen Open (Politiken Cup)"]
[Site "Elsinore"]
[Date "2013.08.01"]
[Round "7"]
[White "Brunello, Sabino"]
[Black "Erenburg, Sergey"]
[Result "1-0"]
[WhiteElo "2593"]
[BlackElo "2615"]
[PlyCount "103"]
[EventDate "2013.07.27"]
[EventType "swiss"]
[EventRounds "10"]
[EventCountry "DEN"]
[Source "ChessBase"]
[SourceDate "2013.08.26"]

1. e4 c6 2. d4 d5 3. Nc3 dxe4 4. Nxe4 Bf5 5. Ng3 Bg6 6. Nh3 e6 7. Nf4 Qh4 8.
Be3 Nd7 9. Qd2 Be7 10. Be2 Ngf6 11. Nxg6 hxg6 12. Bg5 Qh7 13. O-O-O Bd6 14. Bf3
O-O-O 15. h4 Kb8 16. Rhe1 Rc8 17. Kb1 Rhe8 18. Ne2 Qg8 19. Nc1 Qf8 20. Nb3 Nh7
21. Be3 Nhf6 22. Qc1 Nd5 23. Bd2 N5f6 24. Na5 Bb4 25. Nc4 Bxd2 26. Qxd2 Nb6 27.
Na5 Red8 28. c4 Rc7 29. c5 Nbd5 30. Nc4 Ne8 31. Qa5 Qe7 32. g3 Qf6 33. Rd3 Qf5
34. Qd2 Ne7 35. g4 Qf6 36. g5 Qf5 37. Be4 Qg4 38. Ne5 Qxh4 39. Nxf7 Rdd7 40.
Ne5 Rd8 41. f4 Nd5 42. Nxg6 Qh7 43. Rh1 Qg8 44. Rh8 Qf7 45. Rf8 Qd7 46. Ne5 Qe7
47. Ng6 Qd7 48. Rh3 b6 49. Ne5 Qe7 50. Rhh8 bxc5 51. Bg6 Rcc8 52. Rxe8 1-0

[Event "35t. Copenhagen Open (Politiken Cup)"]
[Site "Elsinore"]
[Date "2013.08.01"]
[Round "7"]
[White "Bue, Gunnar"]
[Black "Larsen, Ulrik"]
[Result "1/2-1/2"]
[WhiteElo "1654"]
[BlackElo "1992"]
[PlyCount "43"]
[EventDate "2013.07.27"]
[EventType "swiss"]
[EventRounds "10"]
[EventCountry "DEN"]
[Source "ChessBase"]
[SourceDate "2013.08.26"]

1. d4 d5 2. c4 e6 3. Nf3 c5 4. e3 Nc6 5. Nc3 Nf6 6. a3 Bd6 7. dxc5 Bxc5 8. b4
Bd6 9. Bb2 O-O 10. Be2 dxc4 11. O-O e5 12. Bxc4 e4 13. Nb5 exf3 14. Nxd6 fxg2
15. Re1 Ng4 16. Be2 Qh4 17. Bxg4 Bxg4 18. f3 Bh3 19. b5 Ne7 20. Qd4 Qxd4 21.
exd4 b6 22. Ne4 1/2-1/2

[Event "35t. Copenhagen Open (Politiken Cup)"]
[Site "Elsinore"]
[Date "2013.08.01"]
[Round "7"]
[White "Carnstam, Tomas"]
[Black "Bach, Matthias"]
[Result "0-1"]
[WhiteElo "2052"]
[BlackElo "2251"]
[PlyCount "70"]
[EventDate "2013.07.27"]
[EventType "swiss"]
[EventRounds "10"]
[EventCountry "DEN"]
[Source "ChessBase"]
[SourceDate "2013.08.26"]

1. g3 d6 2. Bg2 Nc6 3. d4 Bd7 4. d5 Ne5 5. f4 Ng6 6. e4 e6 7. Ne2 exd5 8. exd5
h5 9. Nbc3 Nf6 10. Be3 c5 11. dxc6 Bxc6 12. Bxc6+ bxc6 13. Qd2 Be7 14. Nd4 Qd7
15. Qg2 d5 16. Bg1 O-O 17. O-O-O Rfb8 18. Nb3 a5 19. Nc5 Qc7 20. N3a4 Rb4 21.
c3 Rb5 22. Bd4 Bxc5 23. Nxc5 Nd7 24. Nxd7 Qxd7 25. Qf2 a4 26. f5 Nf8 27. Bc5 a3
28. Bxa3 Rxa3 29. bxa3 Qe7 30. Rd2 Qe4 31. Rc2 Qxh1+ 32. Kd2 Nd7 33. c4 dxc4
34. Rxc4 Ne5 35. Rc2 Qd5+ 0-1

[Event "35t. Copenhagen Open (Politiken Cup)"]
[Site "Elsinore"]
[Date "2013.08.01"]
[Round "7"]
[White "Carstensen, Jacob"]
[Black "Eriksson, Christian Altenburg"]
[Result "1-0"]
[WhiteElo "2384"]
[BlackElo "2143"]
[PlyCount "69"]
[EventDate "2013.07.27"]
[EventType "swiss"]
[EventRounds "10"]
[EventCountry "DEN"]
[Source "ChessBase"]
[SourceDate "2013.08.26"]

1. d4 d5 2. c4 dxc4 3. Nf3 Nf6 4. Nc3 a6 5. e4 b5 6. e5 Nd5 7. a4 Bb7 8. e6
fxe6 9. Ng5 Nxc3 10. bxc3 Qd6 11. Qg4 Nd7 12. Qxe6 Bd5 13. Qe3 Rb8 14. axb5
axb5 15. Ba3 Qg6 16. Be2 h6 17. Nf3 Qe4 18. Qd2 e6 19. Bxf8 Rxf8 20. O-O Qg6
21. Kh1 Kf7 22. Ra7 Rbc8 23. Qb2 Kg8 24. Qxb5 Nf6 25. Bxc4 Rb8 26. Qa6 Rb6 27.
Qa2 Bxf3 28. gxf3 Qf5 29. Qe2 Nd5 30. Re1 Nf4 31. Qe4 Qh3 32. Rg1 Kh8 33. Rxc7
Rb1 34. Rcxg7 Rxg1+ 35. Rxg1 1-0

[Event "35t. Copenhagen Open (Politiken Cup)"]
[Site "Elsinore"]
[Date "2013.08.01"]
[Round "7"]
[White "Christensen, Bo Garner"]
[Black "Marder, Simon"]
[Result "1-0"]
[WhiteElo "2256"]
[BlackElo "2049"]
[PlyCount "45"]
[EventDate "2013.07.27"]
[EventType "swiss"]
[EventRounds "10"]
[EventCountry "DEN"]
[Source "ChessBase"]
[SourceDate "2013.08.26"]

1. e4 Nc6 2. Nf3 Nf6 3. Nc3 d5 4. e5 d4 5. exf6 dxc3 6. bxc3 exf6 7. Rb1 Bd6 8.
d4 O-O 9. Be3 b6 10. Bd3 Ne7 11. O-O Ng6 12. Re1 Bg4 13. h3 Be6 14. Rb5 Qd7 15.
Rh5 Rfe8 16. d5 Bxd5 17. Bxg6 Bxf3 18. Bxh7+ Kf8 19. Qxf3 Be5 20. Be4 Rab8 21.
Bc6 Qd6 22. Rd1 Qa3 23. Rh8+ 1-0

[Event "35t. Copenhagen Open (Politiken Cup)"]
[Site "Elsinore"]
[Date "2013.08.01"]
[Round "7"]
[White "Christensen, Janus"]
[Black "Ancion, Merowig"]
[Result "0-1"]
[WhiteElo "2156"]
[BlackElo "1954"]
[PlyCount "38"]
[EventDate "2013.07.27"]
[EventType "swiss"]
[EventRounds "10"]
[EventCountry "DEN"]
[Source "ChessBase"]
[SourceDate "2013.08.26"]

1. e4 e5 2. f4 exf4 3. Nf3 g5 4. Bc4 g4 5. Ne5 Qh4+ 6. Kf1 Nh6 7. d4 d6 8. Nd3
f3 9. Nf2 fxg2+ 10. Kxg2 Bg7 11. Bf4 Nc6 12. c3 O-O 13. Qd2 Na5 14. Bd3 f5 15.
h3 fxe4 16. hxg4 Qf6 17. Bxh6 Qf3+ 18. Kg1 Qg3+ 19. Kf1 Bxh6 0-1

[Event "35t. Copenhagen Open (Politiken Cup)"]
[Site "Elsinore"]
[Date "2013.08.01"]
[Round "7"]
[White "Christophersen, David"]
[Black "Sorensen, Bernhard W"]
[Result "1-0"]
[WhiteElo "1818"]
[BlackElo "1591"]
[PlyCount "119"]
[EventDate "2013.07.27"]
[EventType "swiss"]
[EventRounds "10"]
[EventCountry "DEN"]
[Source "ChessBase"]
[SourceDate "2013.08.26"]

1. d4 e6 2. c4 f5 3. g3 Nf6 4. Bg2 d5 5. cxd5 exd5 6. Nf3 Nbd7 7. Nc3 c6 8. O-O
Bd6 9. Qc2 Ne4 10. Re1 Ndf6 11. Ne5 O-O 12. f3 Nxc3 13. bxc3 Qe8 14. e4 g6 15.
Bh6 Bxe5 16. dxe5 Qxe5 17. Bxf8 Kxf8 18. exf5 Qxf5 19. Qxf5 Bxf5 20. g4 Bd3 21.
Re3 Bc4 22. Bf1 Bxf1 23. Kxf1 Re8 24. Rxe8+ Nxe8 25. Re1 Nc7 26. Ke2 b5 27. Kd3
a5 28. Kd4 Na6 29. Re6 Nb8 30. Kc5 Kf7 31. Re1 b4 32. cxb4 Na6+ 33. Kxc6 Nxb4+
34. Kb5 Nxa2 35. Kxa5 Kf6 36. Re3 d4 37. Rd3 Ke5 38. f4+ Ke4 39. f5 gxf5 40.
gxf5 Kxd3 41. f6 Kc2 42. f7 d3 43. f8=Q d2 44. Qf5+ Kc1 45. Qc5+ Kd1 46. Qd4
Nc1 47. Qe4 Ne2 48. Qb1+ Nc1 49. Qxh7 Ke1 50. Qh4+ Ke2 51. Qe4+ Kd1 52. h4 Nb3+
53. Kb4 Nc1 54. h5 Na2+ 55. Kb3 Nc1+ 56. Kb2 Ne2 57. Qh1+ Ng1 58. Qxg1+ Ke2 59.
Qg2+ Ke1 60. Qxd2+ 1-0